Grammaire de la politique / (Record no. 89558)
[ view plain ]
| 000 -LEADER | |
|---|---|
| campo de control de longitud fija | 00827nam a2200229 i 4500 |
| 001 - NÚMERO DE CONTROL | |
| campo de control | 89558 |
| 003 - IDENTIFICADOR DE NÚMERO DE CONTROL | |
| campo de control | ES-MaACL |
| 005 - FECHA Y HORA DE LA ÚLTIMA TRANSACCIÓN | |
| campo de control | 20250830095357.0 |
| 007 - CAMPO FIJO DE DESCRIPCIÓN FÍSICA--INFORMACIÓN GENERAL | |
| campo de control de longitud fija | t| |
| 008 - DATOS DE LONGITUD FIJA--INFORMACIÓN GENERAL | |
| campo de control de longitud fija | 050111s1933 fr ||||1| fre d |
| 100 1# - ENTRADA PRINCIPAL--NOMBRE DE PERSONA | |
| Nombre de persona | Laski, Harold Joseph. |
| 9 (RLIN) | 70444 |
| 245 10 - MENCIÓN DEL TÍTULO | |
| Título | Grammaire de la politique / |
| Mención de responsabilidad, etc. | par Harold J. Laski,... ; traduction de Marg.-L. Rocher. |
| 260 ## - PUBLICACIÓN, DISTRIBUCIÓN, ETC. | |
| Lugar de publicación, distribución, etc. | Paris : |
| Nombre del editor, distribuidor, etc. | Delagrave, |
| Fecha de publicación, distribución, etc. | 1933 ( |
| Lugar de fabricación/manufactura | Evreux : |
| Fabricante | Ch. Herissey) |
| 300 ## - DESCRIPCIÓN FÍSICA | |
| Extensión | 362 p. : |
| Otras características físicas | 1 retr. aur ; |
| Dimensiones | 25 cm. |
| 490 1# - MENCIÓN DE SERIE | |
| Mención de serie | Bibliothèque de l'Institut international de droit public ; |
| Designación de volumen o secuencia | 2 |
| 650 #7 - PUNTO DE ACCESO ADICIONAL DE MATERIA--TÉRMINO DE MATERIA | |
| Término de materia o nombre geográfico como elemento de entrada | Política |
| Fuente del encabezamiento o término | embne |
| 9 (RLIN) | 140345 |
| 650 07 - PUNTO DE ACCESO ADICIONAL DE MATERIA--TÉRMINO DE MATERIA | |
| Término de materia o nombre geográfico como elemento de entrada | Estado |
| Fuente del encabezamiento o término | embne |
| 9 (RLIN) | 12523 |
| 700 1# - ENTRADA AGREGADA--NOMBRE PERSONAL | |
| Nombre de persona | Rocher, Marguerite L. |
| 9 (RLIN) | 164240 |
| 830 0# - PUNTO DE ACCESO ADICIONAL DE SERIE-TÍTULO UNIFORME | |
| Título uniforme | Bibliothèque de l'Institut international de droit public ; |
| Designación de volumen o secuencia | 2 |
| 9 (RLIN) | 184119 |
| 852 ## - LOCALIZACIÓN | |
| Ubicación | ES-MaACL |
| Número de control de estantería | A-1599 |
| Estatus retirado | Estado de pérdida | Estado de daño | No para préstamo | Biblioteca de origen | Biblioteca actual | Ubicación en estantería | Fecha de adquisición | Fuente de adquisición | Total de préstamos | Signatura topográfica completa | Código de barras | Visto por última vez | Precio de reemplazo | Tipo de ítem Koha |
|---|---|---|---|---|---|---|---|---|---|---|---|---|---|---|
| Biblioteca del Ateneo de Madrid | Biblioteca del Ateneo de Madrid | Sala Pecera Planta 1 | 17/01/2008 | A-1599 | 1093531 | 23/02/2023 | 23/02/2023 | Libro impreso |
